000 00339nam a2200133Ia 4500
008 190216s9999||||xx |||||||||||||| ||und||
100 _aJohn B.Conway
245 0 _aFunctions Of One Complex Variable
250 _a2nd ed
260 _bSpringer International Student Edition
_c1999
300 _a317
650 _aMathematics
942 _cBK
999 _c31294
_d31294